000 00504nam a2200193Ia 4500
008 101110s9999 xx 000 0 und d
041 _aENGLISH
082 _bSR10393
_a658.85
100 _aTirodkar & Others
245 _aSalesmanship and publicity by Tirodkar
365 _b12
520 _aCommerce
546 _aENGLISH
630 _aSalesmanship and publicity by Tirodkar
650 _aCommerce
655 _aCommerce
730 _aSalesmanship and publicity by Tirodkar
942 _cBOOK
999 _c805325
_d805322